All 10k+ cities in Kentucky on a Map - Statistics

General Stats
  • This quiz has been taken 102 times
  • The average score is 21 of 43
Answers on the Map
Answers color-coded by a green-red scale on the quiz's map according to % correct below.
 
Answer Stats
City Population % Correct
Louisville 633,045
100%
Bowling Green 72,294
97%
Lexington 322,570
95%
Frankfort 28,602
88%
Owensboro 60,183
86%
Covington 40,961
85%
Paducah 27,137
83%
Elizabethtown 31,394
71%
Richmond 34,585
68%
Georgetown 37,086
64%
Ashland 21,625
62%
Florence 31,946
56%
Nicholasville 31,093
56%
Henderson 27,981
55%
Hopkinsville 31,180
53%
Newport 14,150
53%
Jeffersontown 28,474
50%
Independence 28,676
41%
Somerset 11,924
41%
Murray 17,307
39%
Versailles 10,347
39%
Bardstown 13,567
38%
Danville 17,234
38%
Franklin 10,176
38%
Madisonville 19,542
38%
Mayfield 10,017
38%
Shelbyville 17,282
38%
Winchester 19,134
38%
Campbellsville 11,426
36%
Radcliff 23,042
36%
Fort Thomas 17,438
35%
Paris 10,171
35%
Glasgow 15,014
33%
St. Matthews 17,534
33%
Shively 15,636
32%
Berea 15,539
30%
Erlanger 19,611
30%
Shepherdsville 14,201
30%
Alexandria 10,341
27%
La Grange 10,067
27%
Mount Washington 18,090
27%
Lawrenceburg 11,728
26%
Lyndon 11,008
21%
No matching quizzes found
Score Distribution
Percent of People with Each Score
Percentile by Number Answered
Your Score History
You have not taken this quiz